00761nas a2200241 4500001001300000003000900013005001700022007000300039008003400042040005400076041000900130072000800139100001800147100002200165100002200187100002500209245005100234650002700285650000900312650002200321773012300343856005300466BR2014007526BR-BrBNA20231205124742.0ta230509b bl.|||p| |||| 00| 00por d aBR-BrBNAbporcBiblioteca Nacional de Agricultura a(En) aU101 aCosta, M.C.G.1 aCunha, I.M. de L.1 aJorge, L.A. de C.1 aAraújo, I.C. da S.1 aPublic-domain software for root image analysis aPROGRAMA DE COMPUTADOR aSOLO aSISTEMA RADICULAR0 tRevista Brasileira de Ciência do Solo (Brazil)xISSN 0100-0683 g(Sep-Oct 2014), v. 38(5) p. 1359-1366wBR201400752640uhttp://www.scielo.br/pdf/rbcs/v38n5/a01v38n5.pdf